[Event "81st Tata Steel Challengers 2019"]
[Site "Wijk aan Zee"]
[Date "2019.01.12"]
[Round "1"]
[White "Maghsoodloo, Parham"]
[Black "Korobov, Anton"]
[Result "0-1"]
[WhiteElo "2679"]
[BlackElo "2699"]
[Annotator "TA"]
[PlyCount "76"]
[EventDate "2019.01.12"]
[EventType "tourn"]
[EventCountry "NED"]
[SourceTitle "playchess.com"]
[Source "ChessBase"]
[SourceQuality "1"]

{[%evp 23,75,31,41,6,0,3,6,15,12,3,13,12,10,-24,-25,-13,-25,-68,-67,-73,-84,-174,-189,-201,-192,-222,-185,-381,-386,-427,-424,-430,-428,-448,-443,-442,-437,-426,-372,-459,-446,-452,-461,-492,-491,-634,-636,-862,-818,-4882,-4687,-29993,-29994,-29999]} 1. e4 c5 2. Nf3 d6 3. d4 cxd4 4. Nxd4 Nf6 5. Nc3 a6 6. Be3 e5 7. Nb3 Be6 8. f3 h5 9. Nd5 {B90: Sicilian Najdorf: Unusual White 6th moves, 6 Be3 Ng4 and 6 Be3 e5} (9. Qd2 Nbd7 10. Nd5 Bxd5 11. exd5 g6 12. Be2 Bg7 13. O-O-O O-O 14. g4 a5 15. a4 Nb6 16. gxh5 Nxh5 17. Bb5 Nf6 {0-1 (71) Leko,P (2690)-Vachier Lagrave,M (2780) Batumi 2018}) 9... Nxd5 10. exd5 Bf5 11. Bd3 Bxd3 12. Qxd3 Nd7 {LiveBook: 20 Games} 13. O-O Be7 14. Qd2 O-O 15. Na5 $146 ({Predecessor:} 15. c4 Qc7 16. Na5 Bd8 {½-½ (33) Jacobsen,J (2151)-Kuhne,D (2273) ICCF email 2010}) 15... Qc8 16. c4 Bd8 17. Rac1 Re8 18. Kh1 e4 19. Nb3 exf3 20. gxf3 Ne5 {[%cal Bd7e5,Be5g6,Bg6h4,Bh4f5,Bf5g3][%mdl 32]} 21. c5 Qh3 $36 {[%mdl 2048] Black has strong initiative.} 22. Qd1 {[#]} (22. Bd4 $17) 22... Ng6 $1 $19 23. Qd2 Rc8 24. Bg1 Nh4 25. Qf2 $2 (25. Rcd1 {is a better defense.}) 25... Bg5 26. Rc4 Nf5 27. Qg2 {[#]} Ng3+ $1 {[%mdl 576] Deflection} 28. Qxg3 Qxf1 29. Rc2 Bf6 30. Rf2 Qb5 31. cxd6 Rcd8 32. Rd2 h4 {[%cal Bh5h4,Bh4h3][%mdl 32]} 33. Qf4 Re1 34. Rg2 {Qxf6 is the strong threat.} h3 35. Rg4 {White threatens Qxf6 and mate.} Be5 36. Qg5 Rxd6 {( -> ...Qe2)} 37. Nd2 Qe2 {[%csl Ge5][%cal Re2h2]} 38. Qf5 Qxh2# {Accuracy: White = 18%, Black = 93%.} 0-1

[Event "81st Tata Steel Challengers 2019"]
[Site "Wijk aan Zee"]
[Date "2019.01.12"]
[Round "1"]
[White "Chigaev, Maksim"]
[Black "Saduakassova, Dinara"]
[Result "1-0"]
[WhiteElo "2604"]
[BlackElo "2472"]
[Annotator "TA"]
[PlyCount "113"]
[EventDate "2019.01.12"]
[EventType "tourn"]
[EventCountry "NED"]
[SourceTitle "playchess.com"]
[Source "ChessBase"]
[SourceQuality "1"]

{[%evp 16,113,1,0,0,0,0,0,17,0,0,0,0,0,13,0,5,-16,0,-29,-41,-24,-9,-12,8,14,8,-6,0,-28,-18,-52,-29,-74,-50,-58,-45,-38,-37,-40,-44,-38,0,-30,0,0,0,0,0,0,12,0,60,63,214,205,219,208,208,218,391,202,419,411,366,281,356,248,213,236,445,433,479,487,799,792,743,693,716,697,2199,1984,29991,450,29994,1793,1381,1380,1266,945,923,869,956,971,880,880,718,636,804,787]} 1. e4 e5 2. Bc4 Nf6 3. d3 Nc6 4. Nf3 Bc5 5. Bb3 O-O 6. O-O h6 7. h3 d6 8. c3 a5 {C54: Giuoco Piano: 4 c3 Nf6, main lines with 5 d4 and 5 d3} 9. a4 {LiveBook: 4 Games} (9. Nbd2 Be6 10. Ba4 Qb8 11. Bb5 Qa7 12. a4 Ne7 13. Bc4 Bd7 14. Nb3 Bb6 15. Qc2 c6 16. d4 {1-0 (83) Savchenko,B (2566)-Svidler,P (2765) Riadh 2017}) 9... Be6 10. Nbd2 Qb8 $146 {The position is equal.} ({Predecessor:} 10... Re8 11. Nc4 d5 12. exd5 Bxd5 13. Ncxe5 Nxe5 14. Nxe5 Rxe5 15. d4 Bxb3 16. Qxb3 Bxd4 17. cxd4 {½-½ (96) Ileana,G (2205)-Georgescu,T (2470) Arad 2017}) 11. Nh4 Nh7 12. Nf5 Qd8 13. Ng3 Qh4 {aiming for ...Qxg3.} 14. Nf5 Qd8 15. Ne3 Nf6 16. Qf3 Ne7 17. Ndc4 Ng6 18. Bc2 Nh4 19. Qd1 Bxe3 20. Nxe3 d5 {[%cal Bd6d5,Bd5d4][%mdl 32]} 21. f3 c5 22. Qe1 Ng6 23. c4 d4 $1 {[%cal Rd4e3]} 24. Nf5 Nh5 25. g3 Qc7 26. Bd1 Nf6 27. h4 Kh7 28. Qd2 Ng8 29. Qh2 N6e7 30. g4 Ng6 31. Ng3 {[%cal Bf5g3,Bg3h5,Bh5f4][%mdl 32]} N8e7 32. Nh5 f6 33. b3 Ng8 ({Black should try} 33... Qd7 $11) 34. Ra2 N6e7 $2 (34... N8e7 $14) 35. f4 $1 $18 exf4 36. Nxf4 ({Resist} 36. Bxf4 $6 Qd7 $16) (36. Qxf4 Qe5 $14) 36... Qd7 37. g5 f5 $2 (37... Ng6 38. Nxg6 Kxg6 39. gxh6 Nxh6) 38. Bf3 (38. Rg2 $142) 38... Kh8 $2 (38... fxe4 {keeps fighting.} 39. dxe4 (39. Bxe4+ Bf5 $16) 39... Nc6) 39. Rg2 fxe4 40. Bxe4 Bf5 41. Bf3 ({Weaker is} 41. gxh6 Nxh6 42. Qg3 Rg8 $18) 41... Ra6 42. Qg3 Ng6 $2 (42... Rf7 {is a better defense.} 43. Bd2 Bh7) 43. Nxg6+ Bxg6 44. gxh6 Rf7 (44... gxh6 $142 45. Bf4 Rxf4) 45. hxg7+ Rxg7 46. Bg4 Qe8 47. Bf4 Re7 {[#]} 48. h5 $1 {[%mdl 512]} Bh7 {[#]} (48... Bxh5 49. Bxh5) 49. Bd6 (49. Be5+ $142 $1 {[%mdl 512]} Nf6 (49... Rxe5 50. Be6) 50. Bh3 Bg6 51. Bxf6+ Rxf6 52. Rxf6 Re1+ 53. Kh2 Re2 54. Rxg6) 49... Re3 {[#]} (49... Rxd6 $18 50. Qxd6 Bxd3) 50. Bf3 (50. Be6 $142 $1 {[%mdl 512]} Bg6 (50... Rxe6 51. Qg7#) 51. hxg6 Kg7 52. Be5+ Rxe5 {[%mdl 64] Remove Defender} 53. Qxe5+ {[%mdl 64] Double Attack} Nf6 54. Qxf6+ Kh6 55. Rh2#) 50... Qf7 {White is clearly winning.} 51. Bxc5 Rxd3 52. Bd5 {Threatening mate with Bxd4+!} Qxf1+ 53. Kxf1 {[%csl Gg2][%cal Rg3g7]} Rf6+ 54. Ke1 {[%csl Gg2][%cal Rg3g7]} Rxg3 55. Rxg3 Rf4 56. Bxb7 Nf6 57. Rf3 {Accuracy: White = 62%, Black = 36%.} 1-0

[Event "81st Tata Steel Challengers 2019"]
[Site "Wijk aan Zee"]
[Date "2019.01.12"]
[Round "1"]
[White "Esipenko, Andrey"]
[Black "Kovalev, Vladislav"]
[Result "1/2-1/2"]
[WhiteElo "2584"]
[BlackElo "2687"]
[Annotator "TA"]
[PlyCount "56"]
[EventDate "2019.01.12"]
[EventType "tourn"]
[EventCountry "NED"]
[SourceTitle "playchess.com"]
[Source "ChessBase"]
[SourceQuality "1"]

{[%evp 21,56,22,33,16,28,41,30,30,34,0,10,24,8,16,36,41,40,9,9,9,9,9,14,12,0,0,0,0,0,0,0,0,0,0,0,0,6]} 1. d4 Nf6 2. Nf3 g6 3. g3 Bg7 4. Bg2 O-O 5. O-O d6 6. b3 e5 7. dxe5 dxe5 8. Ba3 Qxd1 {A49: 1 d4 Nf6 2 Nf3 g6 3 g3: Anti-King's Indian systems} 9. Rxd1 Re8 10. c4 c6 (10... e4 11. Nd4 c6 12. Nc3 Na6 13. e3 h5 14. h3 Nc7 15. Rd2 Ne6 16. Nxe6 Bxe6 {½-½ (83) Rakhmanov,A (2629)-Perez Candelario,M (2611) Linares 2018}) 11. Nc3 Na6 {LiveBook: 5 Games} 12. Rac1 Bh6 13. e3 Bf8 14. Bxf8 Kxf8 15. Rd6 $146 ({Predecessor:} 15. h3 Bd7 16. g4 h6 17. Rd6 {½-½ (34) Romanishin,O (2499)-Mikkelsen,N (2412) Berlin 2013}) 15... Ke7 16. Rd2 Kf8 17. h3 h6 18. Rd6 Kg7 19. g4 Nc5 {The position is equal.} 20. b4 Nce4 21. Nxe4 Nxe4 22. Rd3 Nxf2 23. Kxf2 e4 24. Rd4 {[#] Hoping for Nd2.} (24. Rd6 {is interesting.} exf3 25. Bxf3 a6 26. a4 Be6 27. c5) 24... exf3 25. Bxf3 a6 26. a4 Be6 27. c5 Re7 28. Rb1 Rae8 {Precision: White = 70%, Black = 69%.} 1/2-1/2

[Event "81st Tata Steel Challengers 2019"]
[Site "Wijk aan Zee"]
[Date "2019.01.12"]
[Round "1"]
[White "Praggnanandhaa R"]
[Black "Bareev, Evgeny"]
[Result "0-1"]
[WhiteElo "2539"]
[BlackElo "2650"]
[Annotator "TA"]
[PlyCount "102"]
[EventDate "2019.01.12"]
[EventType "tourn"]
[EventCountry "NED"]
[SourceTitle "playchess.com"]
[Source "ChessBase"]
[SourceQuality "1"]

{[%evp 11,102,20,70,24,28,25,21,12,22,0,0,0,0,-10,-2,-13,0,0,6,-26,-28,-30,-21,-22,-13,-57,-39,-55,-67,-72,-56,-58,-60,-74,-79,-85,-79,-71,-70,-90,-84,-111,-115,-198,-109,-106,-105,-113,-107,-187,-198,-195,-93,-104,-75,-70,-28,-28,-20,-28,-28,-28,-28,-88,-93,-168,-168,-189,-173,-366,-366,-832,-832,-29974,-29975,-29975,-29976,-29976,-29976,-29978,-29979,-29978,-29979,-29984,-29985,-29986,-29987,-29988,-29982,-29982,-29983,-29982,-29982]} 1. e4 e6 2. d4 d5 3. Nc3 Bb4 4. exd5 exd5 5. Bd3 c6 6. Nf3 Bg4 {LiveBook: 6 Games. C01: French: Exchange Variation} (6... Ne7 7. O-O Bf5 8. Bxf5 Nxf5 9. Re1+ Ne7 10. Qd3 Nd7 11. a3 Bd6 12. Ne2 O-O 13. Bf4 Bxf4 14. Nxf4 {1-0 (43) Vachier Lagrave,M (2811)-Bellahcene,B (2475) Bastia 2016}) 7. a3 Bd6 8. h3 Bh5 {White has an edge.} 9. g4 $146 ({Predecessor:} 9. O-O Ne7 10. Re1 Nd7 11. Qe2 Nf8 12. Bf5 Bxf3 13. Qxf3 Nfg6 {½-½ (21) Reichenbach,W (2282)-Uhlmann,W (2475) Gladenbach 1999}) 9... Bg6 10. Bg5 Ne7 11. Bxg6 hxg6 12. Qe2 f6 13. Bd2 Nd7 14. O-O-O Nb6 15. Rde1 Qd7 16. Qd3 O-O-O 17. Ne2 g5 18. Ba5 Rde8 19. Bxb6 axb6 20. Ng3 g6 21. Kb1 Kb8 22. a4 Rh7 23. h4 Qxg4 {[%cal Rg5h4]} 24. hxg5 Rxh1 25. Rxh1 fxg5 26. Rh7 Qe6 27. Qb3 (27. Qd1 $17) 27... g4 (27... Nc8 $19 28. Qc3 Qf6) 28. Ne5 $17 Bxe5 29. dxe5 Nc8 ({Of course not} 29... Qxe5 $6 30. Qxb6 Rc8 31. Qb4 $11) 30. Qb4 (30. Qe3 $17) 30... Qxe5 $19 31. Qxg4 Qe1+ (31... Nd6 $19 {has better winning chances. White must now prevent ...Nc4.} 32. Qxg6 Ka7) 32. Ka2 $17 Qxf2 33. Qxg6 Qf8 34. Nf5 Ka8 35. c3 Ne7 36. Nxe7 Rxe7 $11 {[%mdl 4096] Endgame KQR-KQR} 37. Rh4 (37. Qd6 $11 Rf7 38. Qxf8+ Rxf8 39. Ka3) 37... Re2 $17 {Strongly threatening ...Rxb2+!} 38. Rb4 (38. Qg3 $17) 38... Ka7 $1 $19 39. Qg4 Qe7 40. Qg1 $2 (40. Qh4 {was worth a try.}) 40... c5 41. Rb5 $2 (41. Rb3 Re4 42. Qf1) 41... Qe4 42. Ka3 Re1 {Black mates.} 43. Ra5+ bxa5 44. Qxc5+ {[#]} Kb8 $1 45. Qd6+ {[#]} Kc8 $1 46. Qc5+ Kd7 47. Qb5+ Ke6 48. Qe8+ Kf5 49. Qh5+ Kf6 50. Qh6+ Ke7 51. Qg7+ Kd6 {Accuracy: White = 25%, Black = 62%.} 0-1

[Event "81st Tata Steel Challengers 2019"]
[Site "Wijk aan Zee"]
[Date "2019.01.12"]
[Round "1"]
[White "Van Foreest, Lucas"]
[Black "Gledura, Benjamin"]
[Result "1/2-1/2"]
[WhiteElo "2502"]
[BlackElo "2615"]
[Annotator "TA"]
[PlyCount "81"]
[EventDate "2019.01.12"]
[EventType "tourn"]
[EventCountry "NED"]
[SourceTitle "playchess.com"]
[Source "ChessBase"]
[SourceQuality "1"]

{[%evp 17,81,13,22,8,36,3,9,11,23,0,0,0,-7,-16,-4,-14,-4,-9,-15,-13,0,-21,-15,-18,-9,-10,-17,-16,-16,-23,-7,-25,-16,-8,0,-20,0,0,-7,-9,0,0,0,0,0,0,-11,-15,0,0,0,0,0,0,0,0,0,0,0,0,0,0,0,0,0,0]} 1. e4 c5 2. Nf3 Nc6 3. Bb5 g6 4. Bxc6 dxc6 5. d3 Bg7 6. h3 e5 7. a4 {B31: Sicilian: 2...Nc6 3 Bb5 g6} (7. a3 a5 8. Be3 Qe7 9. Nbd2 Nf6 10. Nc4 Nd7 11. a4 b6 12. Qd2 Ba6 13. Bh6 Bxh6 14. Qxh6 Bxc4 15. dxc4 O-O-O 16. O-O-O Nf6 17. Qg5 Rxd1+ 18. Rxd1 Re8 19. Qe3 h5 20. Ng5 Nd7 21. Nf3 {½-½ (21) Quesada Perez,Y (2619)-Cori Tello,J (2657) Saint Louis 2017}) 7... Qe7 8. O-O Nf6 {[%cal Bg8f6,Bf6h5,Bh5f4][%mdl 32]} 9. Be3 O-O {LiveBook: 4 Games} 10. Qd2 b6 $146 ({Predecessor:} 10... Ne8 11. Qc3 b6 12. a5 Rb8 13. Re1 Nc7 14. axb6 axb6 15. Ra7 Rb7 16. Rxb7 Bxb7 17. Nbd2 Ne6 18. Nc4 Qc7 19. Ra1 Nd4 20. Bxd4 {½-½ (20) Sheppard,B (2343)-Tomecek,J (2448) ICCF email 2009}) 11. Bh6 Nh5 12. Nc3 f6 13. Nh2 Bxh6 14. Qxh6 Nf4 15. Rae1 Qg7 16. Qxg7+ Kxg7 17. Ne2 Nxe2+ 18. Rxe2 Be6 19. f4 exf4 20. Rxf4 Rad8 21. b3 b5 22. Rf1 bxa4 23. bxa4 c4 24. Re3 a5 25. Nf3 {The position is equal.} c5 26. Ra1 Rf7 27. dxc4 Rb7 28. e5 Bxc4 29. exf6+ Kxf6 30. Ne5 Bg8 31. Rf1+ Kg7 32. Rc3 c4 33. Nxc4 Rc7 {Strongly threatening ...Rd4.} 34. Rd3 $1 {[%cal Rd3d8]} Rxd3 35. cxd3 Bxc4 $11 {[%mdl 4096] Endgame KRB-KR} 36. Rc1 {[%mdl 64] [#] Pin} Kf6 37. dxc4 Ke5 38. Rb1 Kd4 39. Rb5 Rc5 $1 40. h4 Kxc4 41. Rb7 {Accuracy: White = 62%, Black = 67%.} 1/2-1/2

[Event "81st Tata Steel Challengers 2019"]
[Site "Wijk aan Zee"]
[Date "2019.01.12"]
[Round "1"]
[White "Paehtz, Elisabeth"]
[Black "Keymer, Vincent"]
[Result "1/2-1/2"]
[WhiteElo "2477"]
[BlackElo "2500"]
[Annotator "TA"]
[PlyCount "84"]
[EventDate "2019.01.12"]
[EventType "tourn"]
[EventCountry "NED"]
[SourceTitle "playchess.com"]
[Source "ChessBase"]
[SourceQuality "1"]

{[%evp 29,84,52,34,0,45,14,28,0,16,26,40,40,83,65,65,30,59,50,108,108,132,133,142,102,128,60,87,45,56,10,16,8,12,28,27,9,0,0,0,0,0,0,0,0,100,67,157,162,147,154,130,121,199,174,191,151,127]} 1. e4 c5 2. Nf3 d6 3. d4 cxd4 4. Nxd4 Nf6 5. Nc3 a6 6. Be3 e5 7. Nb3 Be6 8. f3 h5 9. Qd2 Nbd7 {[%cal Bb8d7,Bd7b6,Bb6c4][%mdl 32]} 10. O-O-O Be7 11. Kb1 b5 {B90: Sicilian Najdorf: Unusual White 6th moves, 6 Be3 Ng4 and 6 Be3 e5} 12. a3 (12. h4 O-O 13. Bg5 Rc8 14. a3 Qc7 15. g4 hxg4 16. fxg4 Nb6 17. Bxf6 Bxf6 18. g5 {½-½ (70) Yu,Y (2751)-Vachier Lagrave,M (2789) Riadh 2017}) 12... Rc8 13. h4 Nb6 14. Bg5 Qc7 15. Bxf6 gxf6 {[#] LiveBook: 3 Games} 16. Nd5 $146 ({Predecessor:} 16. Na5 Rg8 17. g4 hxg4 18. fxg4 Rxg4 19. h5 Rg8 {1-0 (27) Demchenko,A (2645)-Areshchenko,A (2652) Tbilisi 2017}) 16... Bxd5 17. exd5 Nc4 18. Qf2 f5 19. g3 Bf6 {Threatening ...Nxb2!} 20. c3 a5 21. Bd3 a4 22. Na1 {[%cal Bb3a1,Ba1c2,Bc2b4][%mdl 32]} (22. Bxc4 $5 bxc4 23. Na1 $14) 22... f4 23. gxf4 exf4 (23... Qc5 $14 24. Qe2 Kf8) 24. Bxc4 $16 bxc4 25. Nc2 Rg8 26. Nb4 Qc5 27. Qc2 ({White should try} 27. Qd2 $16) 27... Kf8 $14 28. Qf5 ({Reject} 28. Qxa4 $6 Rg2 $11) 28... Rg2 $1 {[#] And now ...Qf2! would win.} 29. Rhf1 Kg7 {White must now prevent ...Re8.} 30. Qxf4 Re8 $1 {[%cal Re8e2] aiming for ...Ree2.} 31. Rd2 Rxd2 32. Qxd2 Qe3 $1 {[%cal Re3d2]} 33. Qh2 Qe5 34. Qg2+ Kh6 35. Qd2+ Qe3 36. Qh2 Be5 (36... Qe5 $1 $11 37. Qh3 Qf4) 37. Qc2 $16 Qf4 ({Black should play} 37... Rg8 $14) 38. Qxa4 Rg8 39. Qc2 Qxh4 40. a4 Qh3 {[#]} (40... Ra8 $16 {was called for.}) 41. Qc1+ $1 $18 Kh7 42. f4 Bf6 {Accuracy: White = 52%, Black = 50%.} 1/2-1/2

[Event "81st Tata Steel Challengers 2019"]
[Site "Wijk aan Zee"]
[Date "2019.01.12"]
[Round "1"]
[White "Kuipers, Stefan"]
[Black "L'Ami, Erwin"]
[Result "0-1"]
[WhiteElo "2470"]
[BlackElo "2643"]
[Annotator "TA"]
[PlyCount "80"]
[EventDate "2019.01.12"]
[EventType "tourn"]
[EventCountry "NED"]
[SourceTitle "playchess.com"]
[Source "ChessBase"]
[SourceQuality "1"]

{[%evp 19,80,29,30,8,17,-8,19,-22,-5,-46,0,-106,-81,-120,-107,-94,-54,-65,-60,-81,-72,-85,-83,-137,-137,-132,-128,-129,-127,-183,-117,-111,-125,-206,-223,-254,-241,-226,-223,-300,-295,-272,-264,-267,-250,-352,-336,-364,-349,-499,-508,-499,-481,-475,-487,-661,-646,-656,-643,-664,-641,-963,-897]} 1. e4 c5 2. Nf3 d6 3. d4 cxd4 4. Nxd4 Nf6 5. Nc3 Nc6 6. Bg5 e6 7. Qd3 a6 8. O-O-O Bd7 9. Be2 Rc8 {B62: Sicilian: Richter-Rauzer: 6...e6: Unusual White 7th moves} (9... h6 10. Bh4 Ne5 11. Qe3 g5 12. Bg3 b5 13. Nf3 Neg4 14. Qd3 b4 15. Nd5 exd5 16. exd5 Qa5 17. Kb1 {0-1 (51) Lampert,J (2514)-Sutovsky,E (2683) Douglas 2017}) 10. Nxc6 Bxc6 {LiveBook: 3 Games} 11. Rhe1 Be7 {The position is equal.} 12. f4 O-O 13. Bf3 Qc7 14. Kb1 Rfd8 15. Qe3 $146 (15. f5 $11 {keeps the balance.}) ({Predecessor:} 15. Qe2 h6 16. Bxf6 Bxf6 17. Rd3 {½-½ (33) Sirigos,N (2295)-Sutovsky,E (2340) Bratislava 1993}) 15... h6 $17 16. h4 d5 ({But not} 16... hxg5 17. hxg5 g6 18. gxf6 $11) 17. exd5 hxg5 (17... Bxd5 {feels hotter.} 18. Nxd5 Nxd5 19. Bxd5 hxg5 20. Be4 gxf4 21. Qf2 b5) 18. dxc6 gxf4 19. Rxd8+ Bxd8 20. Qd3 bxc6 21. Qxa6 (21. Ne4 $142) 21... Nd5 22. Ne4 Rb8 {[#] Strongly threatening ...Qe5.} 23. c3 Bxh4 24. Rh1 (24. Rc1 $17) 24... Be7 (24... f5 $19 25. Nd2 Nxc3+ 26. Kc1 Qe5) 25. Kc1 g6 26. Bd1 (26. Nd2 $17) 26... Kg7 $40 {[%mdl 128] Black has strong attack.} 27. Qd3 {[#] Threatens to win with Qh3.} Qb6 {[%csl Gb8][%cal Rb6b2]} 28. Bb3 Qe3+ 29. Kc2 Qxd3+ 30. Kxd3 f5 31. Nd2 e5 {[%cal Be6e5,Be5e4][%mdl 32]} 32. Nc4 (32. Bxd5 $142 cxd5 33. Nb3) 32... e4+ 33. Ke2 Bc5 34. Ne5 (34. Ba4 {was worth a try.}) 34... Ne3 {Black is clearly winning.} 35. Nd7 Rb5 36. Nxc5 Rxc5 37. g3 g5 {[%cal Bg6g5,Bg5f4,Bf4f3][%mdl 32]} 38. gxf4 gxf4 39. a4 Ng4 40. Ra1 f3+ {Accuracy: White = 33%, Black = 88%.} 0-1

[Event "81st Tata Steel Challengers 2019"]
[Site "Wijk aan Zee"]
[Date "2019.01.13"]
[Round "2"]
[White "Korobov, Anton"]
[Black "Gledura, Benjamin"]
[Result "1/2-1/2"]
[WhiteElo "2699"]
[BlackElo "2615"]
[Annotator "TA"]
[PlyCount "67"]
[EventDate "2019.01.12"]
[EventType "tourn"]
[EventCountry "NED"]
[SourceTitle "playchess.com"]
[Source "ChessBase"]
[SourceQuality "1"]

{[%evp 19,67,-16,0,-26,-13,-14,-30,-50,-41,-34,0,-2,-3,-6,0,-5,-7,-3,-7,-6,-7,-6,-7,-7,-6,-7,-3,-4,0,-4,0,0,0,-8,-8,-8,0,-5,0,-8,0,-10,-16,-12,0,0,0,0,0,-2]} 1. d4 Nf6 2. c4 g6 3. Nc3 d5 4. cxd5 Nxd5 5. Bd2 Bg7 6. e4 Nxc3 7. Bxc3 O-O 8. Qd2 Nc6 {[%cal Bb8c6,Bc6e5,Be5g4][%mdl 32] D85: Exchange Grünfeld: Unusual White 7th moves and lines with 7 Nf3} (8... c5 9. d5 Bxc3 10. bxc3 Qd6 11. f4 e6 12. Bc4 b5 13. Bxb5 exd5 14. Bc4 Bb7 15. Nf3 Rd8 16. Bxd5 Bxd5 17. Qxd5 Qxd5 18. exd5 Rxd5 {½-½ (29) Tomashevsky,E (2702)-Nepomniachtchi,I (2768) Satka 2018}) 9. d5 Ne5 10. f4 Ng4 {LiveBook: 5 Games} 11. Nf3 Bxc3 $146 ({Predecessor:} 11... e6 12. Bxg7 Kxg7 13. O-O-O exd5 14. exd5 Re8 15. Bc4 Bf5 16. Rhe1 Rxe1 17. Rxe1 {1-0 (44) Akobian,V (2625)-Yang,K (2392) Atlantic City 2016}) 12. bxc3 e6 13. c4 exd5 14. cxd5 Nf6 15. Bd3 {The position is equal.} Qe7 16. O-O Nxe4 17. Bxe4 Qxe4 18. Rfe1 Qf5 19. Rac1 Qf6 20. Qd4 Qxd4+ 21. Nxd4 c6 22. dxc6 bxc6 23. Nxc6 Be6 24. a4 Kg7 25. Nd4 Bd5 26. Rc7 Rfc8 27. Rd7 Rd8 28. Ree7 a6 29. g4 Rac8 30. Kf2 Rxd7 31. Rxd7 Bc6 32. Rd6 Bxa4 33. Rxa6 Bd7 34. h3 {Accuracy: White = 47%, Black = 60%.} 1/2-1/2

[Event "81st Tata Steel Challengers 2019"]
[Site "Wijk aan Zee"]
[Date "2019.01.13"]
[Round "2"]
[White "Kovalev, Vladislav"]
[Black "Praggnanandhaa R"]
[Result "1/2-1/2"]
[WhiteElo "2687"]
[BlackElo "2539"]
[Annotator "TA"]
[PlyCount "128"]
[EventDate "2019.01.12"]
[EventType "tourn"]
[EventCountry "NED"]
[SourceTitle "playchess.com"]
[Source "ChessBase"]
[SourceQuality "1"]

{[%evp 13,128,6,23,19,37,33,37,23,37,27,25,27,32,0,14,0,21,16,32,14,65,68,78,39,56,53,43,0,0,0,0,0,0,0,29,24,28,27,22,31,39,62,52,51,52,54,94,65,122,102,139,90,92,53,129,121,160,169,166,0,0,0,0,2,8,0,11,21,14,22,15,8,102,8,15,0,10,10,10,8,14,8,14,8,8,8,15,8,8,8,8,8,8,8,8,0,8,8,8,8,8,0,0,0,0,0,0,0,0,0,0,0,0,0,0,0,0]} 1. e4 c5 2. Nf3 Nc6 3. Bb5 g6 4. Bxc6 bxc6 5. d4 cxd4 (5... Bg7 6. dxc5 Qa5+ 7. Nbd2 Ba6 8. a3 Qxc5 9. c4 Nf6 10. b4 Qb6 11. O-O O-O 12. Bb2 d6 13. Qc2 {1-0 (35) Nepomniachtchi,I (2759)-Dubov,D (2703) Sochi 2018}) 6. Qxd4 {B31: Sicilian: 2...Nc6 3 Bb5 g6} f6 7. O-O d6 {LiveBook: 5 Games} 8. c4 {White has an edge.} c5 9. Qd3 Bg7 $146 ({Predecessor:} 9... Bh6 10. a3 Bxc1 11. Rxc1 Nh6 12. Nc3 Rb8 13. b4 cxb4 14. axb4 Rxb4 15. Rxa7 {1-0 (22) Tripp,G (1828)-Cowling,T (1658) ICCF email 2013}) 10. Nc3 Nh6 11. Nh4 Rb8 12. b3 O-O 13. Re1 Nf7 14. f4 f5 15. exf5 gxf5 16. Bb2 e6 (16... Bd4+ $11 17. Kh1 e6) 17. Nf3 Re8 18. Re3 Bb7 19. Rae1 Be4 20. Qd2 d5 $1 21. Na4 {[%cal Bc3a4,Ba4c5,Bc5d3][%mdl 32] [#] Black must now prevent Bxg7.} d4 22. Rxe4 fxe4 23. Rxe4 e5 24. Nxc5 Qc8 25. Nd3 $36 {[%cal Rf4e5][%mdl 2048] White is pushing.} Qf5 26. Qe2 {[%cal Rf4e5]} Nd6 27. Rxe5 $1 Bxe5 28. fxe5 Qe4 29. Kf2 a5 30. Nxd4 (30. Bxd4 {with more complications.} Qxe2+ 31. Kxe2 a4 32. Kd2 Ne4+ 33. Ke3) 30... Qxe2+ (30... a4 $14) 31. Nxe2 $16 Nf5 32. Nef4 Rec8 {and if ...a4 works, Black does fine.} 33. g4 Ne7 ({Black should play} 33... Ng7 $14) 34. Ba3 Rb7 35. Nc5 Rbc7 36. Nfe6 $2 ({Better is} 36. Nce6 $18) 36... Rc6 $11 37. Ke3 h6 {Threatens to win with ...Kf7.} 38. Kd4 Ng6 $1 39. Kd5 {Nd7 is the strong threat.} Kf7 {[#] Strongly threatening ...Ne7+.} 40. Nd8+ $1 Rxd8+ 41. Kxc6 {And now e6+ would win.} Nxe5+ {[%mdl 4096] Endgame KRN-KBN} 42. Kb5 Nxg4 (42... Rd2 $11) 43. Nb7 ({But not} 43. Kxa5 $6 Rd2 $11) (43. Bc1 $16) 43... Rd2 $1 {The position is equal.} 44. h3 Nf2 45. Bc1 Rxa2 46. Bxh6 Nxh3 47. Nxa5 Nf2 48. b4 Nd3 49. Nc6 Ke8 50. Be3 Kd7 51. Bb6 Nf4 52. Ba5 Kc8 53. Ne7+ Kd7 54. Nc6 Kc8 55. c5 Nd5 56. Ne5 Rh2 57. Kc6 Ne7+ 58. Kd6 Nf5+ 59. Kd5 Rh6 60. Nf7 Rf6 61. Ne5 Ne7+ 62. Kc4 Rf5 63. Nd3 Nc6 64. Bb6 Rh5 {Accuracy: White = 67%, Black = 55%.} 1/2-1/2